History Quiz

Random History or Famous Quiz

Plane Crash Celebrities Quiz Stats

 Plays Quiz Updated Jan 24, 2019

Support Sporcle.
Go Orange.
Score 0/31 Timer 07:00
0 Plays Today
Year Person % Correct
1959Buddy Holly
67%
1999John F. Kennedy Jr.
66.6%
1959Jiles 'The Big Bopper' Richardson
49%
1937Amelia Earhart
44.8%
1970Marshall University football team
44.2%
1959Ritchie Valens
42.9%
1918Manfred von Richthofen
42.8%
1972Roberto Clemente
40.4%
1999Payne Stewart
38%
2001Aaliyah Haughton
29.4%
1997John Denver
25.9%
1979Thurman Munson
25.8%
1931Knute Rockne
24%
1958Manchester United Football Club
18.4%
1963Patsy Cline
17%
1973Jim Croce
13.3%
Year Person % Correct
2006Cory Lidle
12.6%
1985Ricky Nelson
11.3%
1969Rocky Marciano
10.4%
1977Ronnie Van Zant
10.4%
1967Otis Redding
10.1%
2007Steve Fossett
9.4%
2002Paul Wellstone
8.9%
1935Will Rogers
7.5%
2000Mel Carnahan
6.5%
1935Wiley Post
6.1%
1964Jim Reeves
3.9%
1966Tony Lema
3.7%
2006Peter Tomarken
2.5%
1949Buddy Clark
1.3%
2010Lech Kaczyński
0.3%

You're not logged in!

Compare scores with friends on all Sporcle quizzes.
OR
Log In
Forgot?

From the Vault

Clickable Sporcle Quiz Show!

by bhenderson79

Unfortunately, you won't be able to phone a Sporcle friend.
Remove Ads.
Support Sporcle.
Get the best of Sporcle when you Go Orange. This ad-free experience offers more features, more stats, and more fun while also helping to support Sporcle. Thank you for becoming a member.

Show Comments

Extras

Top Quizzes Today


Score Distribution

Your Account Isn't Verified!

In order to create a playlist on Sporcle, you need to verify the email address you used during registration. Go to your Sporcle Settings to finish the process.

Report this User

Report this user for behavior that violates our Community Guidelines.

Details: